01124nam a22002777a 4500999001700000003000500017005001700022008004100039020002600080040001900106050002000125082001200145100002800157245004100185260004800226300002500274500005700299505010500356538003400461650002000495856002600515942001300541952009600554952009600650952010000746 c23576d23576Nust20170519122245.0131218b xxu||||| |||| 00| 0 eng d cAvailablea013260034X aDLCbDLCcRCMS a310 CAPb000863 a310 CAP aCaplow, Theodore.91211 aElementary SociologycCaplow,Theodor aIslamabadbNational Book Foundation cc1971 a503 p.bill:c25,cm. aSecond ed. published in 1975 under title: Sociology. aSociological Theory And Research (Page-2), Sociological Fields (Page-196), Macrosociology (Page-580) iShelf # 13, Row # 2, Fiction. aSociology.9367 3Table of Content Only 2ddccFIC 00102ddc4070aCLbCLcGENd2013-12-18l0o301CAPpRCMS000863r2013-12-18w2013-12-18yBK 00102ddc4070aCLbCLcGENd2013-12-18l0o301CAPpRCMS000864r2013-12-18w2013-12-18yBK 00102ddc4070aRCMSbRCMScGENd2013-12-18l0o301CAPpRCMS000865r2013-12-18w2013-12-18yBK